Tratado de la brida y gineta y de las caballerías que en entrambas sillas se hazen [sic] y enseñan a los cauallos [sic] y de las formas de torear a pie y a cauallo [sic]. (Record no. 123906)

MARC details
000 -LEADER
campo de control de longitud fija 00906nam a2200229 i 4500
001 - NÚMERO DE CONTROL
campo de control 123906
003 - IDENTIFICADOR DE NÚMERO DE CONTROL
campo de control ES-MaACL
005 - FECHA Y HORA DE LA ÚLTIMA TRANSACCIÓN
campo de control 20250730063128.0
007 - CAMPO FIJO DE DESCRIPCIÓN FÍSICA--INFORMACIÓN GENERAL
campo de control de longitud fija t|
008 - DATOS DE LONGITUD FIJA--INFORMACIÓN GENERAL
campo de control de longitud fija 070214s1961 sp |||| | spa d
100 1# - ENTRADA PRINCIPAL--NOMBRE DE PERSONA
Nombre de persona Ramírez de Haro, Diego,
Fechas asociadas al nombre s. XVI
9 (RLIN) 163086
245 10 - MENCIÓN DEL TÍTULO
Título Tratado de la brida y gineta y de las caballerías que en entrambas sillas se hazen [sic] y enseñan a los cauallos [sic] y de las formas de torear a pie y a cauallo [sic].
Número de parte o sección de la obra (tercera parte).
260 ## - PUBLICACIÓN, DISTRIBUCIÓN, ETC.
Lugar de publicación, distribución, etc. Madrid :
Nombre del editor, distribuidor, etc. Unión de Bibliófilos Taurinos,
Fecha de publicación, distribución, etc. 1961.
300 ## - DESCRIPCIÓN FÍSICA
Extensión 106 p. ;
Dimensiones 23 cm.
490 1# - MENCIÓN DE SERIE
Mención de serie Colección Carmena ;
Designación de volumen o secuencia 4
650 #4 - PUNTO DE ACCESO ADICIONAL DE MATERIA--TÉRMINO DE MATERIA
Término de materia o nombre geográfico como elemento de entrada Equitación-
Subdivisión de forma Obras anteriores a 1800.
9 (RLIN) 152323
650 #4 - PUNTO DE ACCESO ADICIONAL DE MATERIA--TÉRMINO DE MATERIA
Término de materia o nombre geográfico como elemento de entrada Tauromaquia-
Subdivisión de forma Obras anteriores a 1800.
9 (RLIN) 152377
710 2# - ENTRADA AGREGADA--NOMBRE DE ENTIDAD CORPORATIVA
Nombre de entidad corporativa o nombre de jurisdicción como elemento de entrada Unión de Bibliófilos Taurinos.
9 (RLIN) 7005
830 0# - PUNTO DE ACCESO ADICIONAL DE SERIE-TÍTULO UNIFORME
Título uniforme Colección Carmena ;
Designación de volumen o secuencia 4
9 (RLIN) 183843
852 ## - LOCALIZACIÓN
Ubicación ES-MaACL
Número de control de estantería C-21288
Holdings
Estatus retirado Estado de pérdida Estado de daño No para préstamo Biblioteca de origen Biblioteca actual Ubicación en estantería Fecha de adquisición Fuente de adquisición Total de préstamos Signatura topográfica completa Código de barras Visto por última vez Precio de reemplazo Tipo de ítem Koha
        Biblioteca del Ateneo de Madrid Biblioteca del Ateneo de Madrid Galería 17/01/2008     C-21288 1129094 23/02/2023 23/02/2023 Libro impreso